000 00808cam a2200289 4500500
005 20260405002106.0
041 _afre
042 _adc
100 1 0 _aLacroix, Alexandre
_eauthor
245 0 0 _aAvoir, faire, être: catégories cardinales de la réalité humaine
260 _c2015.
500 _a53
690 _aAccès
690 _aAvoir
690 _aChose
690 _aDématérialisation
690 _aÊtre
690 _aExpérience
690 _aFaire
690 _aJean-Paul Sartre
690 _aObjet
690 _aPossession
690 _aPropriété
690 _aSartre
786 0 _nPhilosophie magazine | 93 | 10 | 2015-10-01 | p. 22-22 | 1951-1787
856 4 1 _uhttps://shs.cairn.info/magazine-philosophie-magazine-2015-10-page-22?lang=fr&redirect-ssocas=7080
999 _c2054151
_d2054151